Too specific a contract can hide dangers (Record no. 66517)
[ view plain ]
| 000 -LEADER | |
|---|---|
| fixed length control field | 01515cam a2200241 4500 |
| 001 - CONTROL NUMBER | |
| control field | ABS63638 |
| 008 - FIXED-LENGTH DATA ELEMENTS--GENERAL INFORMATION | |
| fixed length control field | 000000n2001 000 0 eng u |
| 035 ## - SYSTEM CONTROL NUMBER | |
| System control number | (Sirsi) u111630 |
| 100 ## - MAIN ENTRY--PERSONAL NAME | |
| Personal name | Winter, J. |
| 245 ## - TITLE STATEMENT | |
| Title | Too specific a contract can hide dangers |
| 260 ## - PUBLICATION, DISTRIBUTION, ETC. | |
| Date of publication, distribution, etc. | 2001 |
| 490 ## - SERIES STATEMENT | |
| Series statement | Construction News |
| Volume/sequential designation | (6708) 22 March 2001, 14(1) |
| 520 ## - SUMMARY, ETC. | |
| Summary, etc. | The traditional standard forms of contract fail to deal adequately with requirements for contractors' building programmes. They do not go into enough detail as to how a programme should be prepared. As a result, to prevent contractors from drawing up very basic master programmes, contract draftsmen often put more detailed requirements in their specifications. Notes some of the unexpected dangers that can arise from doing this, and illustrates these by reference to case law: "Yorkshire Water v Sir Alfred McAlpine"; "Holland Dredging v Dredging and Construction"; and "Havant BC v South Coast Shipping". By requiring work to be carried out in a particular sequence, or specific way, the contractor may be entitled to vary this if it proves impossible to carry out the work in that way. |
| 590 ## - LOCAL NOTE (RLIN) | |
| Local note | ABS |
| 650 ## - SUBJECT ADDED ENTRY--TOPICAL TERM | |
| Topical term or geographic name entry element | SPECIFICATIONS |
| 650 ## - SUBJECT ADDED ENTRY--TOPICAL TERM | |
| Topical term or geographic name entry element | YORKSHIRE WATER V SIR ALFRED MCALPINE |
| 650 ## - SUBJECT ADDED ENTRY--TOPICAL TERM | |
| Topical term or geographic name entry element | HAVANT BC V SOUTH COAST SHIPPING |
| 650 ## - SUBJECT ADDED ENTRY--TOPICAL TERM | |
| Topical term or geographic name entry element | HOLLAND DREDGING V DREDGING AND CONSTRUCTION |
| 650 ## - SUBJECT ADDED ENTRY--TOPICAL TERM | |
| Topical term or geographic name entry element | CONTRACTORS PROGRAMMES |
| 650 ## - SUBJECT ADDED ENTRY--TOPICAL TERM | |
| Topical term or geographic name entry element | MANAGEMENT-PROJECT MANAGEMENT |
| 690 ## - LOCAL SUBJECT ADDED ENTRY--TOPICAL TERM (OCLC, RLIN) | |
| Topical term or geographic name as entry element | BUILT ENVIRONMENT-BUILDING CONTRACT FORMS |
| 942 ## - ADDED ENTRY ELEMENTS (KOHA) | |
| Suppress in OPAC | 0 |
| Withdrawn status | Lost status | Source of classification or shelving scheme | Damaged status | Not for loan | Home library | Current library | Shelving location | Date acquired | Total Checkouts | Full call number | Barcode | Date last seen | Copy number | Price effective from | Koha item type |
|---|---|---|---|---|---|---|---|---|---|---|---|---|---|---|---|
| Dewey Decimal Classification | London | London | Journal article | 23/03/2001 | ABS63638 | 111630-1001 | 06/08/2019 | 1 | 06/08/2019 | Journal article |